Hijo de Ladrón

সংরক্ষণ করুন:
গ্রন্থ-পঞ্জীর বিবরন
প্রধান লেখক: Rojas, Manuel (Author)
বিন্যাস: গ্রন্থ
ভাষা:স্প্যানিশ
প্রকাশিত: Santiago Nascimento 1951
বিষয়গুলি:
ট্যাগগুলো: ট্যাগ যুক্ত করুন
কোনো ট্যাগ নেই, প্রথমজন হিসাবে ট্যাগ করুন!

MARC

LEADER 00000nam a2200000 a 4500
001 UCW8187
003 CL-VaPUC
008 880630e19510000CL |||||||||||||||||spa|d
082 0 4 |a Ch863  |b ROJ  |2 21 
100 0 |a Rojas, Manuel  |e author  |9 313313 
245 1 0 |a Hijo de Ladrón 
300 |a 366 p 
942 |c BK 
945 |d 19880630 00:00:00 
260 |a Santiago  |b Nascimento  |c 1951 
650 0 |a Novelas chilenas   |9 265425 
583 |a last modification  |c 19880630 00:00:00  |k Rodrigo Vera 
999 |c 220646  |d 220644